| 000 | 00425nam a22001577a 4500 | ||
|---|---|---|---|
| 005 | 20250320021323.0 | ||
| 008 | 250320b |||||||| |||| 00| 0 eng d | ||
| 020 | _a0452011183 | ||
| 082 |
_24433 _a302.23 _bBIE |
||
| 100 | _aBiedermann, H | ||
| 245 |
_aDictionary of Symbolism: _bCultural Icons & The Meanings Behind Them |
||
| 260 |
_aNew York, _bMeridian _c1994 |
||
| 300 | _ax, 465 p., | ||
| 500 | _aDictionary. | ||
| 942 | _cL | ||
| 999 |
_c5996 _d5996 |
||